Представление документа в формате MARC21

Поле Инд. ПП Название Значение
Тип записи a
Библиографический уровень m
001 _ Контрольный номер RU/URAIT/477452
005 _ Дата корректировки 20250915104106.5
008 Кодируемые данные 201216s2021 RU y f j 000 0 rus u
020 a ISBN 978-5-534-14371-3
c Цена, тираж 629.00
040 a Служба первич. каталог. ИКО Юрайт
c Служба, преобразующая запись ИКО Юрайт
e Правила каталог. RCR
041 a Код языка текста rus
044 a Код страны публикации RU
080 a Индекс УДК 330.34(075.8)
084 2 Источник индекса rubbk
a Индекс другой классификации/Индекс ББК 65.5я73
100 1_ a Автор Заволокина Людмила Игоревна
q Полное имя Людмила Игоревна
245 a Заглавие Мировая экономика
b Продолж. заглавия Учебное пособие для вузов
c Ответственность Заволокина Л. И., Диесперова Н. А.
256 a Характеристики компьютерного файла Электрон. дан.
260 a Место издания Москва
b Издательство Юрайт
c Дата издания 2021
300 a Объем 182 с
440 a Серия Высшее образование
500 a Примечание URL: https://urait.ru/bcode/477452 (дата обращения: 23.11.2021).
520 a Аннотация В курсе рассматриваются основы мирового хозяйства. В него включены все основные темы по курсу «Мировая экономика»: понятийно-терминологический аппарат, классификация стран мира, система международных экономических отношений, вопросы глобализации и глобальные проблемы современности, международные маркетинговые стратегии и особенности проникновения компаний на зарубежные рынки, валютно-расчетные отношения, государственное регулирование внешней торговли, внешнеторговое ценообразование, а также Россия в системе современных международных экономических отношений. Соответствует актуальным требованиям Федерального государственного образовательного стандарта высшего образования. Для студентов высших учебных заведений, специалистов в области мировой экономики, а также всех интересующихся проблемами мирового хозяйства.
538 a Прим. о системных особенностях Режим доступа: Электронно-библиотечная система Юрайт, для авториз. пользователей
653 a Ключевые слова Мировая экономика. Внешняя торговля. Таможенное дело
653 a Ключевые слова Экономика и управление
653 a Ключевые слова Мировая экономика и международные экономические отношения
653 a Ключевые слова Мировая экономика
653 a Ключевые слова Введение в мировую экономику
653 a Ключевые слова Мировая экономика и МЭО
653 a Ключевые слова Основы мировой экономики
700 1_ a Другие авторы Диесперова Наталья Александровна
q Полное имя Наталья Александровна
856 40 u URL https://urait.ru/bcode/477452
x Примечание для ЭОР https://urait.ru/book/cover/B263801D-6DA5-42D2-B305-AAEB6ACA0673
z Примечание для пользователя Участвует в КО
856 41 u URL https://urait.ru/book/cover/B263801D-6DA5-42D2-B305-AAEB6ACA0673